[Event "Tradewise Gibraltar Masters 14th"]
[Site "Gibraltar"]
[Date "2016.01.26"]
[Round "1.123"]
[White "Siva, Mahadevan"]
[Black "Beadle, John R"]
[Result "1-0"]
[WhiteElo "2370"]
[BlackElo "1560"]
[PlyCount "53"]
[EventDate "2016.01.26"]
[EventType "swiss"]
[EventRounds "10"]
[EventCountry "GGB"]
[Source "www.saund.co.uk"]
[SourceDate "2005.02.07"]

1. e4 c6 2. Nc3 d5 3. Nf3 h6 4. d4 dxe4 5. Nxe4 Bf5 6. Bd3 e6 7. O-O Nd7 8. b3
Bxe4 9. Bxe4 Ngf6 10. Bd3 Bd6 11. Bb2 O-O 12. c4 Re8 13. Re1 Qc7 14. Qe2 Rad8
15. Rad1 Bb4 16. Rf1 b6 17. Ne5 Bd6 18. f4 c5 19. dxc5 Qxc5+ 20. Kh1 Qc7 21.
Bb1 Nc5 22. Rde1 Qb7 23. Bc2 Be7 24. b4 Ncd7 25. Nxf7 Kxf7 26. Qxe6+ Kf8 27.
Bg6 1-0

[Event "Tradewise Gibraltar Masters 14th"]
[Site "Gibraltar"]
[Date "2016.01.27"]
[Round "2.2"]
[White "Vachier-Lagrave, Maxime"]
[Black "Gunina, Valentina"]
[Result "1-0"]
[WhiteElo "2785"]
[BlackElo "2496"]
[PlyCount "67"]
[EventDate "2016.01.26"]
[EventType "swiss"]
[EventRounds "10"]
[EventCountry "GGB"]
[Source "www.saund.co.uk"]
[SourceDate "2005.02.07"]

1. Nf3 d5 2. g3 c6 3. Bg2 Bg4 4. O-O e6 5. h3 Bh5 6. d4 Nd7 7. c4 Be7 8. cxd5
exd5 9. Nc3 Ngf6 10. Nh4 O-O 11. f4 Ne4 12. Nf5 Nxc3 13. bxc3 f6 14. Qb3 Nb6
15. e4 Re8 16. g4 Bf7 17. Nxe7+ Qxe7 18. e5 Nc4 19. Qc2 fxe5 20. dxe5 Rad8 21.
Qf2 c5 22. Re1 Qc7 23. f5 Rxe5 24. Bf4 Rxe1+ 25. Rxe1 Qa5 26. Qg3 Qxa2 27. Bg5
Rc8 28. f6 gxf6 29. Bxf6 Qd2 30. g5 Nd6 31. g6 Bxg6 32. Qe5 Rf8 33. Bxd5+ Nf7
34. Bg5 1-0

[Event "Tradewise Gibraltar Masters 14th"]
[Site "Gibraltar"]
[Date "2016.01.27"]
[Round "2.3"]
[White "Harikrishna, Pentala"]
[Black "Zhukova, Natalia"]
[Result "1/2-1/2"]
[WhiteElo "2755"]
[BlackElo "2484"]
[PlyCount "104"]
[EventDate "2016.01.26"]
[EventType "swiss"]
[EventRounds "10"]
[EventCountry "GGB"]
[Source "www.saund.co.uk"]
[SourceDate "2005.02.07"]

1. e4 e6 2. d4 d5 3. Nd2 c5 4. Ngf3 Nc6 5. exd5 exd5 6. Bb5 Qe7+ 7. Be2 Qc7 8.
O-O Nf6 9. dxc5 Bxc5 10. Nb3 Be7 11. Bg5 O-O 12. c3 Rd8 13. Re1 Bf5 14. Nfd4
Bg6 15. Bh4 Ne4 16. Bxe7 Nxe7 17. Bf1 Nc6 18. Qf3 Qb6 19. Qe3 Nd6 20. Rad1 h6
21. Qf4 a5 22. h4 a4 23. Nxc6 bxc6 24. Nd4 c5 25. Nf3 Ne4 26. c4 Qxb2 27. cxd5
Nc3 28. Rd2 Qb4 29. Qc4 Ne4 30. Rc2 Nf6 31. Qxc5 Nxd5 32. Qxb4 Nxb4 33. Rc4
Rab8 34. Ra1 a3 35. Ne5 Bf5 36. Rf4 Be6 37. Bc4 Bxc4 38. Nxc4 Nc2 39. Rc1 Nd4
40. Re4 Rbc8 41. Kf1 Rd5 42. Rc3 f5 43. Nb6 Rxc3 44. Nxd5 Rc1+ 45. Re1 Rc2 46.
Ra1 Rb2 47. Nc3 Kf7 48. Rd1 Nc6 49. Rd7+ Kf8 50. Rc7 Nb4 51. Ra7 Nxa2 52. Rxa3
Nxc3 1/2-1/2

[Event "Tradewise Gibraltar Masters 14th"]
[Site "Gibraltar"]
[Date "2016.01.27"]
[Round "2.4"]
[White "Blomqvist, Erik"]
[Black "Li Chao B"]
[Result "1-0"]
[WhiteElo "2492"]
[BlackElo "2751"]
[PlyCount "85"]
[EventDate "2016.01.26"]
[EventType "swiss"]
[EventRounds "10"]
[EventCountry "GGB"]
[Source "www.saund.co.uk"]
[SourceDate "2005.02.07"]

1. e4 c5 2. Nf3 d6 3. d4 cxd4 4. Nxd4 Nf6 5. Nc3 Nc6 6. Bg5 e6 7. Qd2 a6 8.
O-O-O Bd7 9. f4 b5 10. Bxf6 gxf6 11. Kb1 b4 12. Nce2 Qb6 13. Nxc6 Bxc6 14. f5
e5 15. Ng3 Qc5 16. Nh5 Ke7 17. Bd3 Rg8 18. Rhe1 a5 19. Qe2 a4 20. Bc4 Ra7 21.
h4 Bh6 22. g4 Bf4 23. Nxf4 exf4 24. g5 f3 25. gxf6+ Kxf6 26. Qxf3 Qxc4 27. Qf4
Qc5 28. Rxd6+ Ke7 29. f6+ Ke8 30. Rxc6 Qxc6 31. Qb8+ Kd7 32. Rd1+ Ke6 33. Qxa7
Kxf6 34. Rf1+ Ke5 35. Qxf7 Rg2 36. Qe7+ Kd4 37. Qxb4+ Ke5 38. Qe7+ Kd4 39. Qa7+
Ke5 40. Qa5+ Kd4 41. Qd8+ Kxe4 42. Qe7+ Kd5 43. c4+ 1-0

[Event "Tradewise Gibraltar Masters 14th"]
[Site "Gibraltar"]
[Date "2016.01.27"]
[Round "2.5"]
[White "Nakar, Eylon"]
[Black "Jakovenko, Dmitry"]
[Result "0-1"]
[WhiteElo "2479"]
[BlackElo "2732"]
[PlyCount "60"]
[EventDate "2016.01.26"]
[EventType "swiss"]
[EventRounds "10"]
[EventCountry "GGB"]
[Source "www.saund.co.uk"]
[SourceDate "2005.02.07"]

1. e4 c5 2. Nf3 d6 3. d4 cxd4 4. Nxd4 Nf6 5. Nc3 a6 6. Be3 e5 7. Nb3 Be7 8. f3
Be6 9. Qd2 Nbd7 10. g4 b5 11. g5 Nh5 12. a4 b4 13. Nd5 Bxd5 14. Qxd5 Nf4 15.
Bxf4 exf4 16. Nd4 O-O 17. Nc6 Qe8 18. a5 Ne5 19. Nxe5 dxe5 20. Qxe5 Rc8 21. Bd3
Rc5 22. Qxf4 Rxg5 23. Qc7 Rc5 24. Qb6 Bh4+ 25. Ke2 Qe5 26. Rag1 g6 27. Rg4 Be7
28. b3 Rd8 29. Qxa6 Rxa5 30. Qb6 Rxd3 0-1

[Event "Tradewise Gibraltar Masters 14th"]
[Site "Gibraltar"]
[Date "2016.01.27"]
[Round "2.6"]
[White "Wojtaszek, Radoslaw"]
[Black "Tarjan, James E"]
[Result "1-0"]
[WhiteElo "2727"]
[BlackElo "2478"]
[PlyCount "91"]
[EventDate "2016.01.26"]
[EventType "swiss"]
[EventRounds "10"]
[EventCountry "GGB"]
[Source "www.saund.co.uk"]
[SourceDate "2005.02.07"]

1. d4 d5 2. c4 e6 3. Nc3 Be7 4. cxd5 exd5 5. Bf4 Nf6 6. e3 Bf5 7. Qb3 Nc6 8. g4
Nxg4 9. Qxd5 Qxd5 10. Nxd5 Bb4+ 11. Nc3 O-O-O 12. Bg2 Bd6 13. Bxd6 Rxd6 14.
Nge2 Re8 15. h3 Nh6 16. Rd1 g5 17. e4 Bd7 18. h4 gxh4 19. Rxh4 Rg8 20. Bh1 Rg4
21. Rh2 Rg7 22. f3 Ng8 23. Kf2 Rh6 24. Rxh6 Nxh6 25. Bg2 Ne7 26. Nf4 c6 27.
Nce2 f6 28. Nh5 Rf7 29. Rh1 Nhg8 30. f4 f5 31. e5 Be6 32. Nc3 Nh6 33. b3 Ng4+
34. Ke2 Rf8 35. Bf3 Kc7 36. Ng7 Bg8 37. d5 cxd5 38. Nb5+ Kb6 39. Nd4 Ng6 40.
Nh5 N4xe5 41. fxe5 Nxe5 42. Nf4 Nxf3 43. Kxf3 Ka5 44. Rc1 Kb4 45. Nd3+ Ka3 46.
Ra1 1-0

[Event "Tradewise Gibraltar Masters 14th"]
[Site "Gibraltar"]
[Date "2016.01.27"]
[Round "2.7"]
[White "Ly, Moulthun"]
[Black "Rapport, Richard"]
[Result "0-1"]
[WhiteElo "2474"]
[BlackElo "2721"]
[PlyCount "94"]
[EventDate "2016.01.26"]
[EventType "swiss"]
[EventRounds "10"]
[EventCountry "GGB"]
[Source "www.saund.co.uk"]
[SourceDate "2005.02.07"]

1. e4 c5 2. Nf3 Nc6 3. Bb5 Nf6 4. Nc3 g6 5. O-O Bg7 6. Bxc6 dxc6 7. h3 Nd7 8.
d3 Nf8 9. Rb1 Ne6 10. Ne2 a5 11. a4 b5 12. b3 O-O 13. c4 Rb8 14. Qc2 Nc7 15.
cxb5 cxb5 16. Bf4 bxa4 17. bxa4 Rxb1 18. Qxb1 Ne6 19. Be5 Ng5 20. Nxg5 Bxe5 21.
Nf3 Bg7 22. Qb5 Qd6 23. e5 Bxe5 24. Nxe5 Qxe5 25. Ng3 Qd5 26. Rc1 Bb7 27. Ne4
c4 28. Rxc4 Qxd3 29. Ng3 Ba8 30. Rc5 Qd1+ 31. Kh2 Qd4 32. Rc2 h5 33. Qc5 Qf6
34. Nf1 Qf4+ 35. Kg1 Qxa4 36. Rc4 Qa2 37. Ne3 Qa1+ 38. Kh2 e6 39. Qg5 Qb2 40.
Kg1 Qb1+ 41. Kh2 Qb8+ 42. Kg1 Bd5 43. Rh4 Rc8 44. Nxd5 exd5 45. Rxh5 Re8 46. g3
Qb1+ 47. Kg2 Qe4+ 0-1

[Event "Tradewise Gibraltar Masters 14th"]
[Site "Gibraltar"]
[Date "2016.01.27"]
[Round "2.8"]
[White "Fressinet, Laurent"]
[Black "Prasanna, Raghuram Rao"]
[Result "1-0"]
[WhiteElo "2700"]
[BlackElo "2460"]
[PlyCount "133"]
[EventDate "2016.01.26"]
[EventType "swiss"]
[EventRounds "10"]
[EventCountry "GGB"]
[Source "www.saund.co.uk"]
[SourceDate "2005.02.07"]

1. Nf3 Nf6 2. d4 d5 3. c4 e6 4. Nc3 Be7 5. Bg5 O-O 6. e3 h6 7. Bh4 Ne4 8. Bxe7
Qxe7 9. Rc1 c6 10. Qc2 Nxc3 11. Qxc3 Nd7 12. Be2 dxc4 13. Qxc4 e5 14. O-O e4
15. Nd2 Nf6 16. Qc5 Qxc5 17. Rxc5 Be6 18. Bc4 Nd7 19. Ra5 Rfe8 20. Rc1 Bxc4 21.
Nxc4 b6 22. Ra3 c5 23. Nd6 Re7 24. Kf1 a5 25. Rac3 g6 26. a4 Kg7 27. Ke2 Re6
28. Nb5 Rd8 29. Rd1 Rf8 30. g3 Rf6 31. Rc4 cxd4 32. exd4 Rf3 33. Nc3 Re8 34. h3
h5 35. d5 h4 36. Rxe4 Rxe4+ 37. Nxe4 Rb3 38. Rd2 hxg3 39. fxg3 f5 40. Nc3 Kf6
41. Kd1 Rb4 42. Kc2 Nc5 43. d6 Ke6 44. Nd5 Rc4+ 45. Kd1 Nb3 46. Nf4+ Kd7 47.
Rd5 g5 48. Ne6 Rxa4 49. Nf8+ Kd8 50. Ne6+ Kd7 51. Nf8+ Kd8 52. Kc2 Rb4 53. Ne6+
Kd7 54. Nf8+ Kd8 55. d7 Nc5 56. Rxf5 Rc4+ 57. Kb1 g4 58. h4 Re4 59. h5 Re1+ 60.
Ka2 Rh1 61. Re5 Kc7 62. Rd5 Kd8 63. Ng6 Na6 64. Rd6 Nc5 65. Ne5 Nb7 66. Rxb6
Rxh5 67. Nf7+ 1-0

[Event "Tradewise Gibraltar Masters 14th"]
[Site "Gibraltar"]
[Date "2016.01.27"]
[Round "2.9"]
[White "Galyas, Miklos"]
[Black "Bacrot, Etienne"]
[Result "0-1"]
[WhiteElo "2459"]
[BlackElo "2697"]
[PlyCount "90"]
[EventDate "2016.01.26"]
[EventType "swiss"]
[EventRounds "10"]
[EventCountry "GGB"]
[Source "www.saund.co.uk"]
[SourceDate "2005.02.07"]

1. Nf3 d5 2. c4 d4 3. e3 Nc6 4. b4 dxe3 5. fxe3 Nxb4 6. d4 e5 7. a3 e4 8. Nfd2
Nd3+ 9. Bxd3 exd3 10. O-O Nf6 11. Nf3 Bf5 12. Nc3 Be7 13. Ne5 Bg6 14. Ra2 Bd6
15. Nxd3 O-O 16. c5 Bxd3 17. Qxd3 Bxc5 18. Rxf6 Qxf6 19. dxc5 Rad8 20. Qc4 Qe6
21. Qxe6 fxe6 22. g4 b5 23. Bd2 c6 24. Ne2 e5 25. Ng3 Rd3 26. Nf5 Kf7 27. Kf2
g6 28. Nd6+ Ke6+ 29. Ke2 Rb3 30. Ne4 Rd8 31. Ra1 h6 32. Bb4 Rdd3 33. Bd2 Rxa3
34. Rc1 a5 35. g5 h5 36. Rf1 Kd5 37. Nf2 Rdb3 38. Rc1 b4 39. e4+ Ke6 40. Rf1
Ke7 41. Nd1 Rh3 42. Rf6 Rxh2+ 43. Nf2 Ra2 44. Kd3 b3 45. Be3 Ra3 0-1

[Event "Tradewise Gibraltar Masters 14th"]
[Site "Gibraltar"]
[Date "2016.01.27"]
[Round "2.10"]
[White "Ni Hua"]
[Black "Krush, Irina"]
[Result "1-0"]
[WhiteElo "2697"]
[BlackElo "2458"]
[PlyCount "65"]
[EventDate "2016.01.26"]
[EventType "swiss"]
[EventRounds "10"]
[EventCountry "GGB"]
[Source "www.saund.co.uk"]
[SourceDate "2005.02.07"]

1. d4 Nf6 2. Bf4 d5 3. e3 e6 4. Nd2 c5 5. c3 a6 6. Ngf3 Nc6 7. Bd3 Bd6 8. Bg3
b6 9. O-O Bb7 10. Qe2 O-O 11. Rad1 Qc7 12. e4 Bxg3 13. hxg3 dxe4 14. Nxe4 cxd4
15. Nxf6+ gxf6 16. Nxd4 Rfd8 17. Qg4+ Kf8 18. Bxh7 Nxd4 19. cxd4 Qc4 20. b3 Qb4
21. Rfe1 Rd7 22. Re3 Rad8 23. Red3 Qa5 24. f3 Qxa2 25. Qf4 Kg7 26. Be4 Bd5 27.
g4 Bxe4 28. fxe4 Rxd4 29. Rxd4 Rxd4 30. Rf1 Rd7 31. Qxf6+ Kg8 32. Rc1 Kh7 33.
Rc8 1-0

[Event "Tradewise Gibraltar Masters 14th"]
[Site "Gibraltar"]
[Date "2016.01.27"]
[Round "2.12"]
[White "Ragger, Markus"]
[Black "Tan, Justin"]
[Result "1-0"]
[WhiteElo "2689"]
[BlackElo "2446"]
[PlyCount "77"]
[EventDate "2016.01.26"]
[EventType "swiss"]
[EventRounds "10"]
[EventCountry "GGB"]
[Source "www.saund.co.uk"]
[SourceDate "2005.02.07"]

1. d4 d5 2. c4 c6 3. e3 Nf6 4. Nc3 e6 5. Nf3 Nbd7 6. Qc2 Bd6 7. Bd3 O-O 8. O-O
e5 9. cxd5 cxd5 10. Nb5 Bb8 11. dxe5 Nxe5 12. Nxe5 Bxe5 13. Bd2 a6 14. Bc3 Bxc3
15. Nxc3 d4 16. exd4 Qxd4 17. Rad1 Qb6 18. Rd2 Be6 19. Rfd1 h6 20. h3 Qa5 21.
Be4 Nxe4 22. Qxe4 b5 23. Rd3 Rad8 24. a3 Bc4 25. Rd6 Rfe8 26. Qc6 Rc8 27. Qb7
Rc7 28. Rxa6 Qxa3 29. Qxb5 Qe7 30. Qa4 Bxa6 31. Nd5 Qd7 32. Nf6+ gxf6 33. Rxd7
Rxd7 34. Qxd7 Re1+ 35. Kh2 Kg7 36. Qg4+ Kh7 37. Qb4 Re2 38. Qd6 Re6 39. Qf8 1-0

[Event "Tradewise Gibraltar Masters 14th"]
[Site "Gibraltar"]
[Date "2016.01.27"]
[Round "2.13"]
[White "Kelires, Andreas"]
[Black "Howell, David"]
[Result "0-1"]
[WhiteElo "2444"]
[BlackElo "2685"]
[PlyCount "80"]
[EventDate "2016.01.26"]
[EventType "swiss"]
[EventRounds "10"]
[EventCountry "GGB"]
[Source "www.saund.co.uk"]
[SourceDate "2005.02.07"]

1. d4 Nf6 2. c4 c5 3. Nf3 cxd4 4. Nxd4 Nc6 5. Nc3 e6 6. a3 Bc5 7. Nb3 Bb6 8. g3
d5 9. c5 Bc7 10. Bg2 O-O 11. O-O h6 12. e3 Qe7 13. Qc2 Rd8 14. Rd1 a5 15. Nb5
Bb8 16. e4 a4 17. N3d4 Nxd4 18. Rxd4 Bd7 19. Nd6 Bxd6 20. cxd6 Qxd6 21. exd5
Nxd5 22. Bxd5 exd5 23. Bf4 Qe6 24. Qd2 Re8 25. Rc1 Bb5 26. Qb4 Bc6 27. Bd2 f6
28. Rc3 Qe2 29. Be3 Re5 30. Rcd3 Rae8 31. Qd2 Qh5 32. Qd1 Qf5 33. Rf4 Qe6 34.
Qg4 f5 35. Qd1 g5 36. Rfd4 f4 37. gxf4 gxf4 38. Rxf4 Rg5+ 39. Kf1 d4 40. Rfxd4
Qh3+ 0-1

[Event "Tradewise Gibraltar Masters 14th"]
[Site "Gibraltar"]
[Date "2016.01.27"]
[Round "2.14"]
[White "Almasi, Zoltan"]
[Black "Salomon, Johan"]
[Result "1-0"]
[WhiteElo "2684"]
[BlackElo "2444"]
[PlyCount "71"]
[EventDate "2016.01.26"]
[EventType "swiss"]
[EventRounds "10"]
[EventCountry "GGB"]
[Source "www.saund.co.uk"]
[SourceDate "2005.02.07"]

1. Nf3 d5 2. g3 g6 3. c4 dxc4 4. Na3 Bg7 5. Nxc4 Nc6 6. d3 e5 7. Bd2 Nge7 8.
Bg2 O-O 9. O-O a5 10. Bc3 f6 11. Qc2 Be6 12. Rfd1 Qe8 13. Ncd2 Rd8 14. e3 g5
15. a3 Qg6 16. Ne4 b6 17. b4 axb4 18. axb4 Nd5 19. b5 Nce7 20. Bb2 h6 21. Ba3
Qe8 22. Ned2 Qxb5 23. Rdb1 Qc6 24. Qxc6 Nxc6 25. Bxf8 Bxf8 26. Rc1 Na5 27. Rab1
Ba3 28. Rc2 c5 29. Ne1 Bb4 30. Nc4 Nxc4 31. dxc4 Nc3 32. Rbc1 Na4 33. Bc6 b5
34. Bxb5 Nb6 35. Ra2 Bd2 36. Rd1 1-0

[Event "Tradewise Gibraltar Masters 14th"]
[Site "Gibraltar"]
[Date "2016.01.27"]
[Round "2.15"]
[White "Shytaj, Luca"]
[Black "Short, Nigel D"]
[Result "0-1"]
[WhiteElo "2443"]
[BlackElo "2684"]
[PlyCount "140"]
[EventDate "2016.01.26"]
[EventType "swiss"]
[EventRounds "10"]
[EventCountry "GGB"]
[Source "www.saund.co.uk"]
[SourceDate "2005.02.07"]

1. e4 c6 2. d4 d5 3. Nc3 dxe4 4. Nxe4 Nd7 5. g3 Ngf6 6. Nxf6+ Nxf6 7. Bg2 e5 8.
Qe2 e4 9. Bg5 Qxd4 10. c3 Qe5 11. Nf3 Qf5 12. Bxf6 Qxf6 13. Qxe4+ Qe7 14. Ne5
f6 15. Nc4 Qxe4+ 16. Bxe4 Be6 17. Ne3 Bc5 18. Bf5 Bxf5 19. Nxf5 g6 20. Ne3 Bxe3
21. fxe3 O-O-O 22. Ke2 Rd5 23. Rad1 Rb5 24. b4 a5 25. a3 Re8 26. Rhf1 Re6 27.
g4 h5 28. h3 hxg4 29. hxg4 Rbe5 30. Rf3 Kc7 31. Rd4 g5 32. Kd3 c5 33. bxc5 Rxc5
34. c4 b5 35. cxb5 Rxb5 36. Rc4+ Kd7 37. Rd4+ Ke7 38. a4 Rb3+ 39. Kd2 Ra3 40.
Rf5 Rexe3 41. Rxa5 Rg3 42. Kc2 Rg2+ 43. Kb1 Rb3+ 44. Ka1 Ra3+ 45. Kb1 Rb3+ 46.
Ka1 Rbg3 47. Ra7+ Ke6 48. Re4+ Kd5 49. Rb4 Rxg4 50. Ra5+ Ke6 51. Rb6+ Kf7 52.
Rf5 Rxa4+ 53. Kb1 Kg6 54. Rbxf6+ Kh5 55. Rf8 Ra6 56. Rg8 Re6 57. Rf1 Kg4 58.
Rc1 Re4 59. Rg7 Rb4+ 60. Ka1 Rf4 61. Kb1 Rf5 62. Rg8 Kg3 63. Rg7 g4 64. Rg8 Rf4
65. Rg7 Rff2 66. Rb7 Rf3 67. Rg7 Kh2 68. Rg8 Rb3+ 69. Ka1 Rh3 70. Rc6 g3 0-1

[Event "Tradewise Gibraltar Masters 14th"]
[Site "Gibraltar"]
[Date "2016.01.27"]
[Round "2.16"]
[White "Bruzon Batista, Lazaro"]
[Black "Stark, Lars"]
[Result "1-0"]
[WhiteElo "2666"]
[BlackElo "2440"]
[PlyCount "48"]
[EventDate "2016.01.26"]
[EventType "swiss"]
[EventRounds "10"]
[EventCountry "GGB"]
[Source "www.saund.co.uk"]
[SourceDate "2005.02.07"]

1. d4 Nf6 2. Nf3 e6 3. c4 Bb4+ 4. Bd2 Qe7 5. g3 O-O 6. Bg2 Nc6 7. O-O Bxd2 8.
Qxd2 d6 9. Nc3 e5 10. Rac1 Bg4 11. dxe5 dxe5 12. Qe3 Rad8 13. Rfd1 Rxd1+ 14.
Rxd1 Re8 15. Nd5 Qd8 16. h3 Bh5 17. Rd2 Bg6 18. Nh4 Nxd5 19. Rxd5 Qe7 20. Rb5
Nd4 21. Rxb7 Bb1 22. a3 f6 23. Bd5+ Kh8 24. Nf3 Bf5 1-0

[Event "Tradewise Gibraltar Masters 14th"]
[Site "Gibraltar"]
[Date "2016.01.27"]
[Round "2.17"]
[White "Kollars, Dmitrij"]
[Black "Kamsky, Gata"]
[Result "1/2-1/2"]
[WhiteElo "2436"]
[BlackElo "2665"]
[PlyCount "83"]
[EventDate "2016.01.26"]
[EventType "swiss"]
[EventRounds "10"]
[EventCountry "GGB"]
[Source "www.saund.co.uk"]
[SourceDate "2005.02.07"]

1. e4 b6 2. d4 Bb7 3. Bd3 e6 4. Nf3 d6 5. O-O g6 6. Bg5 Be7 7. Bxe7 Nxe7 8.
Nbd2 Nd7 9. Qe2 a6 10. c3 O-O 11. Rad1 Kg7 12. Rfe1 e5 13. dxe5 dxe5 14. Nf1 f6
15. Bc4 Qe8 16. b4 b5 17. Bb3 Nb6 18. N1d2 a5 19. a3 axb4 20. axb4 Qc6 21. Rc1
Rfd8 22. c4 bxc4 23. Nxc4 Nxc4 24. Qxc4 Qxc4 25. Rxc4 c6 26. b5 Kf8 27. bxc6
Bxc6 28. h3 Rdb8 29. Bc2 Bd7 30. Rd1 Be6 31. Ra4 Kf7 32. Rxa8 Rxa8 33. Rb1 Ra3
34. Rb7 Rc3 35. Ne1 h5 36. h4 Kf8 37. Rb8+ Nc8 38. f3 Ke7 39. Rb7+ Kd6 40. Kf2
Rc7 41. Rxc7 Kxc7 42. Ke3 1/2-1/2

[Event "Tradewise Gibraltar Masters 14th"]
[Site "Gibraltar"]
[Date "2016.01.27"]
[Round "2.18"]
[White "Duda, Jan-Krzysztof"]
[Black "Akesson, Ralf"]
[Result "1/2-1/2"]
[WhiteElo "2660"]
[BlackElo "2435"]
[PlyCount "155"]
[EventDate "2016.01.26"]
[EventType "swiss"]
[EventRounds "10"]
[EventCountry "GGB"]
[Source "www.saund.co.uk"]
[SourceDate "2005.02.07"]

1. d4 Nf6 2. c4 e6 3. Nf3 d5 4. g3 Bb4+ 5. Bd2 Be7 6. Bg2 O-O 7. O-O Nbd7 8.
Qb3 c6 9. Rc1 Ne4 10. Be1 b6 11. Nbd2 Nxd2 12. Nxd2 Bb7 13. e4 Rc8 14. cxd5
cxd5 15. exd5 exd5 16. Rxc8 Qxc8 17. Bxd5 Bxd5 18. Qxd5 Nf6 19. Qb3 Rd8 20. Nf3
Qf5 21. Ne5 Nd5 22. Rd1 Bf6 23. Qd3 Qxd3 24. Rxd3 Rc8 25. Kf1 Be7 26. Ke2 f6
27. Nf3 Rc2+ 28. Rd2 Rxd2+ 29. Bxd2 Kf7 30. Kd3 b5 31. Nh4 Ke6 32. Ng2 g6 33.
b3 a6 34. Ne1 Bd8 35. Nc2 Be7 36. a3 f5 37. Bb4 Bd8 38. Bc5 Ba5 39. Bf8 Kf7 40.
Bb4 Bd8 41. Bc5 Ke6 42. Ne1 Bf6 43. Kd2 Bg5+ 44. Kc2 Bf6 45. Nd3 Bg7 46. Nc1
Kd7 47. Ne2 Bf6 48. a4 Kc6 49. Kd3 Bd8 50. Ng1 Nf6 51. Nh3 Nd5 52. f3 Kd7 53.
axb5 axb5 54. Bf8 Bf6 55. Ng1 Bd8 56. Bg7 Ba5 57. Nh3 Bd8 58. Be5 Ke6 59. Nf2
Bb6 60. Kd2 Ba5+ 61. Ke2 Nc3+ 62. Kd3 Nd5 63. Nh3 Bd8 64. Kd2 Kd7 65. Nf2 Ba5+
66. Ke2 Nc3+ 67. Kd3 Nd5 68. g4 Ke6 69. Nh3 Bd8 70. Ke2 Be7 71. Nf2 Nb4 72.
gxf5+ gxf5 73. Kd2 Bg5+ 74. Kc3 Nd5+ 75. Kb2 Nb4 76. Kc3 Nd5+ 77. Kd3 Nb4+ 78.
Kc3 1/2-1/2

[Event "Tradewise Gibraltar Masters 14th"]
[Site "Gibraltar"]
[Date "2016.01.27"]
[Round "2.19"]
[White "Tischbierek, Raj"]
[Black "Vidit, Santosh Gujrathi"]
[Result "1/2-1/2"]
[WhiteElo "2433"]
[BlackElo "2642"]
[PlyCount "117"]
[EventDate "2016.01.26"]
[EventType "swiss"]
[EventRounds "10"]
[EventCountry "GGB"]
[Source "www.saund.co.uk"]
[SourceDate "2005.02.07"]

1. e4 c5 2. Nf3 Nc6 3. d4 cxd4 4. Nxd4 Nf6 5. Nc3 d6 6. Be2 e5 7. Nf3 h6 8. O-O
Be7 9. Re1 O-O 10. h3 Be6 11. Bf1 Rc8 12. Nd5 Bxd5 13. exd5 Nb4 14. c4 a5 15.
a3 Na6 16. Rb1 Nd7 17. b4 axb4 18. axb4 Re8 19. Qb3 Bf8 20. Ba3 g6 21. Rbc1 Ra8
22. Nd2 h5 23. g3 Qb6 24. Rb1 Ra7 25. Ne4 Rea8 26. Bc1 Qd8 27. Be3 b6 28. h4
Nc7 29. Qc3 Ne8 30. Ra1 Nef6 31. Nxf6+ Nxf6 32. Rxa7 Rxa7 33. Ra1 Qa8 34. Rxa7
Qxa7 35. Be2 Kh7 36. Qc2 Bh6 37. Bg5 Kg7 38. Bxf6+ Kxf6 39. Kg2 Ke7 40. Bd1 Qa3
41. Qb3 Qc1 42. Qc2 Qd2 43. Qxd2 Bxd2 44. b5 f5 45. Kf3 Kf6 46. Ke2 Bh6 47. Bc2
Bc1 48. f3 Bh6 49. Kf2 g5 50. hxg5+ Kxg5 51. Kg2 f4 52. Bd3 fxg3 53. Kxg3 h4+
54. Kf2 Kf6 55. Bf1 Bd2 56. Bh3 Kg5 57. Ke2 Bb4 58. Ke3 Bc5+ 59. Ke4 1/2-1/2

[Event "Tradewise Gibraltar Masters 14th"]
[Site "Gibraltar"]
[Date "2016.01.27"]
[Round "2.20"]
[White "Santos Ruiz, Miguel"]
[Black "Sethuraman, S.P."]
[Result "0-1"]
[WhiteElo "2427"]
[BlackElo "2639"]
[PlyCount "118"]
[EventDate "2016.01.26"]
[EventType "swiss"]
[EventRounds "10"]
[EventCountry "GGB"]
[Source "www.saund.co.uk"]
[SourceDate "2005.02.07"]

1. e4 c5 2. Nf3 e6 3. d4 cxd4 4. Nxd4 Nc6 5. Nc3 Qc7 6. Be3 a6 7. Qf3 d6 8. Qg3
Nf6 9. Nxc6 bxc6 10. O-O-O Rb8 11. Bc4 Be7 12. Bb3 O-O 13. f4 c5 14. e5 dxe5
15. fxe5 Nh5 16. Qf2 c4 17. g4 cxb3 18. axb3 Qxe5 19. gxh5 Qxh5 20. Rhg1 Bb7
21. Qg3 g6 22. Qc7 Bf6 23. Ba7 Be5 24. Qe7 Rfe8 25. Qd7 Red8 26. Qe7 Qh6+ 27.
Kb1 Qf8 28. Qxf8+ Kxf8 29. Bxb8 Rxb8 30. Rgf1 Ke7 31. Rf2 h5 32. Na4 Bc6 33.
Nc5 a5 34. Rdf1 Be8 35. Nd3 Bd6 36. Re2 g5 37. Ne5 f6 38. Nc4 Bc7 39. Ka2 Bc6
40. Ne3 Be5 41. Nc4 Bc7 42. Ne3 Bf4 43. c4 Be4 44. Rfe1 Be5 45. Ng4 hxg4 46.
Rxe4 Bxh2 47. Rxe6+ Kf7 48. Ra6 Kg6 49. Ree6 g3 50. Rxf6+ Kh5 51. Rh6+ Kg4 52.
Rad6 g2 53. Rd4+ Bf4 54. Rd1 Be3 55. Rh2 Kg3 56. Rh5 Rf8 57. Rd3 Kf4 58. Rd1
g1=Q 59. Rxg1 Bxg1 0-1

[Event "Tradewise Gibraltar Masters 14th"]
[Site "Gibraltar"]
[Date "2016.01.27"]
[Round "2.21"]
[White "Nezad, Husein Aziz"]
[Black "Salem, AR Saleh"]
[Result "1/2-1/2"]
[WhiteElo "2422"]
[BlackElo "2627"]
[PlyCount "86"]
[EventDate "2016.01.26"]
[EventType "swiss"]
[EventRounds "10"]
[EventCountry "GGB"]
[Source "www.saund.co.uk"]
[SourceDate "2005.02.07"]

1. d4 Nf6 2. c4 c5 3. d5 g6 4. Nc3 Bg7 5. e4 O-O 6. Nf3 e6 7. Be2 d6 8. O-O Re8
9. h3 a6 10. Bf4 exd5 11. exd5 b5 12. cxb5 Ne4 13. Rc1 Qf6 14. Bh2 Bh6 15. Bd3
Nxc3 16. Rxc3 axb5 17. Bxb5 Bd7 18. Qb3 Ra7 19. Qc4 Re7 20. a4 Bxb5 21. axb5
Nd7 22. Ra3 Nb6 23. Qd3 c4 24. Qc2 Rxa3 25. bxa3 Ra7 26. Qe4 Re7 27. Qc2 c3 28.
Bg3 Rc7 29. a4 Ra7 30. Nh2 Qd4 31. Bxd6 Nxd5 32. Nf3 Qxa4 33. Qd3 c2 34. Qxd5
Qa1 35. Rxa1 Rxa1+ 36. Kh2 c1=Q 37. Qe4 Qc8 38. b6 Qd8 39. Be5 Ra6 40. b7 Rb6
41. b8=Q Rxb8 42. Bxb8 Qxb8+ 43. g3 Bg7 1/2-1/2

[Event "Tradewise Gibraltar Masters 14th"]
[Site "Gibraltar"]
[Date "2016.01.27"]
[Round "2.22"]
[White "Jones, Gawain C B"]
[Black "Carlsson, Pontus"]
[Result "1-0"]
[WhiteElo "2625"]
[BlackElo "2430"]
[PlyCount "77"]
[EventDate "2016.01.26"]
[EventType "swiss"]
[EventRounds "10"]
[EventCountry "GGB"]
[Source "www.saund.co.uk"]
[SourceDate "2005.02.07"]

1. Nf3 Nf6 2. c4 c5 3. Nc3 e6 4. g3 b6 5. Bg2 Bb7 6. O-O Be7 7. Re1 Ne4 8. Nxe4
Bxe4 9. d3 Bb7 10. e4 O-O 11. d4 cxd4 12. Nxd4 d6 13. b3 Re8 14. Bb2 a6 15. Qg4
Bf8 16. e5 Bxg2 17. Kxg2 dxe5 18. Rxe5 Nd7 19. Ree1 Qc7 20. Rad1 b5 21. Rc1
bxc4 22. Rxc4 Qb7+ 23. Kg1 Nb6 24. Rc2 Nd5 25. Rce2 Rac8 26. a3 Red8 27. Qf3
Rd7 28. Re5 g6 29. h4 Bg7 30. h5 Nf6 31. hxg6 hxg6 32. Qe2 Nd5 33. Nxe6 fxe6
34. Qg4 Re8 35. Qxg6 Rf7 36. Rh5 Qb6 37. Re2 Ree7 38. Qh7+ Kf8 39. Qh8+ 1-0

[Event "Tradewise Gibraltar Masters 14th"]
[Site "Gibraltar"]
[Date "2016.01.27"]
[Round "2.23"]
[White "Esserman, Marc"]
[Black "Iturrizaga Bonelli, Eduardo"]
[Result "0-1"]
[WhiteElo "2419"]
[BlackElo "2624"]
[PlyCount "44"]
[EventDate "2016.01.26"]
[EventType "swiss"]
[EventRounds "10"]
[EventCountry "GGB"]
[Source "www.saund.co.uk"]
[SourceDate "2005.02.07"]

1. e4 c6 2. d4 d5 3. e5 Bf5 4. Nf3 e6 5. Be2 Nd7 6. O-O h6 7. Nbd2 Ne7 8. Nb3
Qc7 9. a4 a5 10. Bd2 g5 11. Rc1 Bg7 12. Qe1 O-O 13. c4 Qb6 14. Nxa5 Bg6 15. c5
Qc7 16. h3 f6 17. exf6 Nxf6 18. b4 g4 19. hxg4 Nxg4 20. g3 Rae8 21. Bc3 Be4 22.
Qd1 Ne3 0-1